Tratamiento y Depuración de las Aguas Residuales
| Main Author: | |
|---|---|
| Format: | Section = Libro |
| Language: | Undetermined Spanish |
| Published: |
España
Labor
1981
|
| Subjects: |
| LEADER | 00577nam a2200205Ia 4500 | ||
|---|---|---|---|
| 008 | 241007s9999||||xx |||||||||||||| ||und|| | ||
| 020 | |a 84-335-6416-1 | ||
| 040 | |a BIBLIOTECA-RURC/ 628.16 M588 | ||
| 041 | |a spa | ||
| 082 | |a 628.16 M588 | ||
| 100 | 1 | |a Metcalf, Eddy. | |
| 245 | 1 | 0 | |a Tratamiento y Depuración de las Aguas Residuales |
| 260 | |a España |b Labor |c 1981 | ||
| 300 | |a 837 p. :il. | ||
| 650 | 7 | |a CAUDALES DE AGUAS RESIDUALES | |
| 650 | 7 | |b HIDRAULICAS DE LAS ALCANTARILLAS | |
| 650 | 7 | |c BOMBAS Y ESTACIONES DE BOMBEO. | |
| 942 | |c BK |2 ddc | ||
| 991 | |a TEXTO | ||
| 999 | |c 14502 | ||